[Event "Sydney International Open 2013"]
[Site "Sydney AUS"]
[Date "2013.04.06"]
[Round "8.4"]
[White "Vajda,Le"]
[Black "Solomon,SJ"]
[Result "1/2-1/2"]
[WhiteTitle "GM"]
[BlackTitle "IM"]
[WhiteElo "2632"]
[BlackElo "2387"]
[WhiteFideId "1203975"]
[BlackFideId "3200043"]
[EventDate "2013.04.03"]

1. e4 e5 2. Nf3 Nc6 3. Bb5 a6 4. Ba4 Nf6 5. d3 d6 6. c3 g6 7. O-O Bg7 8. Bg5 O-O
9. Qc1 Qe7 10. Re1 Nd8 11. d4 Ne6 12. Bb3 Nxg5 13. Qxg5 Re8 14. Nbd2 Be6 15.
dxe5 dxe5 16. Qxe5 Bxb3 17. Qxe7 Rxe7 18. axb3 Rae8 19. Ra4 Nd7 20. Rc4 c5 21.
Ra4 f5 22. Ng5 h6 23. Nh3 Ne5 24. f3 Nd3 25. Rb1 Rd8 26. Nf1 fxe4 27. Rxe4 Rxe4
28. fxe4 Rf8 29. Ng3 b5 30. Ne2 Re8 31. Rd1 Rxe4 32. Kf1 c4 33. bxc4 Nxb2 34.
Rd8+ Kf7 35. cxb5 axb5 36. Rb8 Nd1 37. Nf2 Ne3+ 38. Kg1 Ra4 39. Rb7+ Kg8 40. Nd3
Ra2 41. Kf2 Ng4+ 42. Ke1 Nxh2 43. Rxb5 Ng4 44. Ndf4 g5 45. Nd5 Be5 46. Rb7 h5
47. Rb4 Kf7 48. Re4 Bd6 49. Nb4 Ra1+ 50. Kd2 Nf6 51. Rd4 Be5 52. Rc4 h4 53. Nd3
Ra2+ 54. Ke3 Bd6 55. Nf2 Bb8 56. Kf3 Ra5 57. Nd4 Ra1 58. Nf5 Rc1 59. Ne3 Re1 60.
Nfg4 Nxg4 61. Nxg4 Rf1+ 62. Ke2 Rg1 63. Kf2 Rc1 64. Kf3 Bf4 65. Rc6 Ke7 66. Nf6
Rf1+ 67. Ke2 Rg1 68. Kf3 Bc1 69. Nd5+ Kf7 70. Rf6+ Kg7 71. Re6 Rd1 72. c4 Rd4
73. Re4 Rxe4 74. Kxe4 g4 75. c5 h3 76. gxh3 gxh3 77. Kf3 Bb2 78. Kg3 Kf7 79.
Kxh3 1/2-1/2

[Event "Sydney International Open 2013"]
[Site "Sydney AUS"]
[Date "2013.04.07"]
[Round "9.1"]
[White "Sethuraman,S"]
[Black "Van Wely,L"]
[Result "0-1"]
[WhiteTitle "GM"]
[BlackTitle "GM"]
[WhiteElo "2541"]
[BlackElo "2684"]
[WhiteFideId "5021596"]
[BlackFideId "1000268"]
[EventDate "2013.04.03"]

1. d4 Nf6 2. c4 e6 3. Nc3 Bb4 4. Qc2 O-O 5. Nf3 d6 6. Bg5 Nbd7 7. Nd2 c5 8. dxc5
Nxc5 9. a3 Qa5 10. Bxf6 gxf6 11. Rc1 Bxc3 12. Qxc3 Qxc3 13. Rxc3 a5 14. b3 Bd7
15. e3 Rfb8 16. a4 Bc6 17. Be2 Rd8 18. O-O Rac8 19. Rd1 Kf8 20. Kf1 Ke7 21. Nf3
Bxf3 22. Bxf3 Ra8 23. Rd4 h6 24. Rh4 Rh8 25. e4 Rag8 26. Bd1 e5 27. Re3 Rg5 28.
Bg4 Rhg8 29. Bh3 h5 30. Ke2 Ne6 31. Bxe6 fxe6 32. Reh3 Rxg2 33. Rxh5 Kd7 34.
Rh7+ R8g7 35. Rh8 f5 36. exf5 exf5 37. Ra8 b6 38. Rhh8 Kc6 39. h4 Kc5 40. Rhc8+
Kd4 41. Rc6 Ke4 42. Rxd6 f4 0-1

[Event "Sydney International Open 2013"]
[Site "Sydney AUS"]
[Date "2013.04.07"]
[Round "9.3"]
[White "Li Chao2"]
[Black "Cheng,Bo"]
[Result "1-0"]
[WhiteTitle "GM"]
[BlackTitle "FM"]
[WhiteElo "2686"]
[BlackElo "2425"]
[WhiteFideId "8604436"]
[BlackFideId "4300033"]
[EventDate "2013.04.03"]

1. c4 b6 2. Nc3 Bb7 3. e4 e5 4. Nf3 Nc6 5. g3 Bc5 6. Bg2 Nge7 7. O-O d6 8. d3
O-O 9. Nd5 Nxd5 10. exd5 Nd4 11. Be3 Nf5 12. Bg5 Qe8 13. Bd2 b5 14. b4 Bb6 15.
a4 bxa4 16. Qxa4 c6 17. c5 Bc7 18. dxc6 Bxc6 19. b5 Bxb5 20. Qe4 g6 21. Ng5 dxc5
22. Qb7 Rc8 23. Ne4 Qc6 24. Qxa7 Bb6 25. Qa3 Nd4 26. Rab1 Qe6 27. Be3 Nc2 28.
Qc3 Nb4 29. Nxc5 Bxc5 30. Bxc5 Na2 31. Qa3 Rxc5 32. Qxc5 Bxd3 33. Bd5 Qa6 34.
Rb6 Qa7 35. Rxg6+ 1-0

[Event "Sydney International Open 2013"]
[Site "Sydney AUS"]
[Date "2013.04.07"]
[Round "9.4"]
[White "Lane,G"]
[Black "Vajda,Le"]
[Result "1/2-1/2"]
[WhiteTitle "IM"]
[BlackTitle "GM"]
[WhiteElo "2412"]
[BlackElo "2632"]
[WhiteFideId "3203301"]
[BlackFideId "1203975"]
[EventDate "2013.04.03"]

1. e4 e5 2. Nf3 Nc6 3. Bb5 a6 4. Ba4 Nf6 5. O-O Be7 6. Re1 b5 7. Bb3 d6 8. c3
O-O 9. d4 Bg4 10. d5 Na5 11. Bc2 Nc4 12. h3 Bd7 13. a4 bxa4 14. Bxa4 Nb6 15. Bc2
Ne8 16. Nbd2 Qc8 17. c4 c5 18. dxc6 Qxc6 19. b3 Nc7 20. Nf1 Rae8 21. Ng3 Nc8 22.
Be3 Bd8 23. Qd2 Qb7 24. b4 Bc6 25. Rab1 Re6 26. Bd3 Bd7 27. b5 axb5 28. cxb5 Nb6
29. Qa5 Nca8 30. Qa6 Qb8 31. Qa2 Bc8 32. Bc2 Re7 33. Bb3 Ra7 34. Qe2 Be6 35. Ng5
Bxb3 36. Rxb3 h6 37. Nf3 Qc8 38. Nf5 Qe6 39. Rc3 Ra4 40. Nd2 g6 41. Bxh6 Nd7 42.
Bxf8 Nxf8 43. Ne3 Qd7 44. Nd5 Ne6 45. Nb3 Nb6 46. Qc2 Qxb5 47. Rd1 Kg7 48. Nxb6
Bxb6 49. Rxd6 Nf4 50. Rf3 Ba7 51. Rxf4 exf4 52. Qb2+ Kh7 53. Rd8 Bd4 54. Rxd4
Rxd4 55. Qxd4 Qxb3 56. Kh2 Qc2 57. f3 Qc1 58. Qf6 Kg8 59. h4 Kf8 60. h5 gxh5 61.
Qh6+ Kg8 62. Qxh5 Kg7 63. Qf5 Kg8 64. e5 Kg7 65. Qe4 Kh6 66. Qe2 Kg6 67. Qa6+
Kg7 68. Qf6+ Kg8 69. Qg5+ Kh7 1/2-1/2